[Event "ZH-2021-0-01910"]
[Site "LSS email"]
[Date "2021.03.24"]
[Round "?"]
[White "Enev, Zlatko"]
[Black "Grego, Luis Jose Gonzaga"]
[Result "1/2-1/2"]
[WhiteElo "2386"]
[BlackElo "2168"]
[PlyCount "55"]
[EventDate "2021.03.24"]
[EventType "match (corr)"]
[EventRounds "2"]
[EventCountry "GER"]
[SourceTitle "Corr 2022"]
[Source "ChessBase"]
[SourceDate "2021.10.24"]
[SourceVersion "1"]
[SourceVersionDate "2021.10.24"]
[SourceQuality "1"]

1. e4 c5 2. Nf3 g6 3. d4 cxd4 4. Nxd4 Bg7 5. c4 Nc6 6. Be3 Nf6 7. Nc3 0-0 8. Be2 d6 9. 0-0 Bd7 10. Nc2 Rc8 11. Rc1 a6 12. Kh1 Ne5 13. b3 b5 14. f4 Nc6 15. Qe1 b4 16. Nd5 Nxe4 17. Bb6 Qe8 18. Bf3 f5 19. Ncxb4 Nxb4 20. Nxb4 Rb8 21. Bc7 Rb7 22. Ba5 e6 23. Bxe4 fxe4 24. Qxe4 Qc8 25. Nd3 Bc6 26. Qe2 Rbf7 27. Rfd1 e5 28. fxe5 1/2-1/2

[Event "SA-2020-0-00729"]
[Site "LSS email"]
[Date "2020.07.27"]
[Round "?"]
[White "Grego, Luis Jose Gonzaga"]
[Black "Lombart, Philippe"]
[Result "1/2-1/2"]
[WhiteElo "2191"]
[BlackElo "2072"]
[PlyCount "41"]
[EventDate "2020.06.17"]
[EventType "tourn (corr)"]
[EventRounds "6"]
[EventCountry "GER"]
[SourceTitle "Corr 2022"]
[Source "ChessBase"]
[SourceDate "2021.10.24"]
[SourceVersion "1"]
[SourceVersionDate "2021.10.24"]
[SourceQuality "1"]

1. e4 e5 2. f4 d5 3. exd5 exf4 4. Nf3 Nf6 5. c4 c6 6. d4 cxd5 7. Bxf4 Bb4+ 8. Nc3 0-0 9. Be2 dxc4 10. Bxc4 Nc6 11. 0-0 Bg4 12. a3 Ba5 13. Kh1 Bxf3 14. Rxf3 Qxd4 15. Qf1 Ne5 16. Bxe5 Qxe5 17. Rf5 Qc7 18. Rxf6 Bxc3 19. Rxf7 Rxf7 20. bxc3 h6 21. Re1 1/2-1/2

[Event "SA-2020-0-00729"]
[Site "LSS email"]
[Date "2020.07.26"]
[Round "?"]
[White "Costa, Fabrizio"]
[Black "Grego, Luis Jose Gonzaga"]
[Result "1/2-1/2"]
[WhiteElo "2045"]
[BlackElo "2191"]
[PlyCount "54"]
[EventDate "2020.06.17"]
[EventType "tourn (corr)"]
[EventRounds "6"]
[EventCountry "GER"]
[SourceTitle "Corr 2022"]
[Source "ChessBase"]
[SourceDate "2021.10.24"]
[SourceVersion "1"]
[SourceVersionDate "2021.10.24"]
[SourceQuality "1"]

1. d4 Nf6 2. c4 g6 3. Nc3 Bg7 4. e4 d6 5. f3 0-0 6. Be3 e5 7. d5 Nh5 8. Nge2 f5 9. Qd2 a6 10. exf5 gxf5 11. Ng3 f4 12. Nxh5 Qh4+ 13. Bf2 Qxh5 14. 0-0-0 Bf5 15. Bd3 Bxd3 16. Qxd3 Nd7 17. a4 Nf6 18. a5 Rae8 19. Rde1 Rf7 20. Kb1 Rb8 21. Rhg1 Re8 22. h4 Kh8 23. Ne4 Qf5 24. Rc1 Rg8 25. Rc3 Nxe4 26. fxe4 Qg4 27. Rb3 Bf6 1/2-1/2

[Event "RM-2020-0-00209"]
[Site "LSS email"]
[Date "2020.05.05"]
[Round "?"]
[White "Grego, Luis Jose Gonzaga"]
[Black "Tyutyunnik, Roman"]
[Result "1/2-1/2"]
[WhiteElo "2161"]
[BlackElo "2215"]
[PlyCount "33"]
[EventDate "2020.04.12"]
[EventType "tourn (corr)"]
[EventRounds "6"]
[EventCountry "GER"]
[SourceTitle "Corr 2022"]
[Source "ChessBase"]
[SourceDate "2021.10.24"]
[SourceVersion "1"]
[SourceVersionDate "2021.10.24"]
[SourceQuality "1"]

1. Nf3 Nf6 2. g3 g6 3. Bg2 Bg7 4. c4 0-0 5. 0-0 d6 6. d4 Nc6 7. Nc3 Rb8 8. Bd2 a6 9. d5 Na5 10. b3 c5 11. dxc6 Nxc6 12. Rc1 Bf5 13. Re1 Qd7 14. e4 Bg4 15. Be3 h5 16. Bg5 b5 17. Nd5 1/2-1/2

[Event "RM-2020-0-00209"]
[Site "LSS email"]
[Date "2020.05.04"]
[Round "?"]
[White "Khanas, Valeriy"]
[Black "Grego, Luis Jose Gonzaga"]
[Result "1/2-1/2"]
[WhiteElo "2280"]
[BlackElo "2161"]
[PlyCount "36"]
[EventDate "2020.04.12"]
[EventType "tourn (corr)"]
[EventRounds "6"]
[EventCountry "GER"]
[SourceTitle "Corr 2022"]
[Source "ChessBase"]
[SourceDate "2021.10.24"]
[SourceVersion "1"]
[SourceVersionDate "2021.10.24"]
[SourceQuality "1"]

1. Nf3 Nf6 2. c4 g6 3. Nc3 Bg7 4. e4 d6 5. d4 0-0 6. Be2 e5 7. 0-0 Nc6 8. d5 Ne7 9. b4 Nh5 10. Re1 f5 11. h3 Nf6 12. Bd3 h6 13. a4 a5 14. bxa5 Rxa5 15. Bc2 b6 16. Ra3 Nxe4 17. Nxe4 fxe4 18. Bxe4 Bf5 1/2-1/2

[Event "OP-2020-0-04916"]
[Site "LSS email"]
[Date "2020.01.31"]
[Round "?"]
[White "Puzanov, Vasyl"]
[Black "Grego, Luis Jose Gonzaga"]
[Result "1/2-1/2"]
[WhiteElo "717"]
[BlackElo "2237"]
[PlyCount "42"]
[EventDate "2020.01.29"]
[EventType "tourn (corr)"]
[EventRounds "4"]
[EventCountry "GER"]
[SourceTitle "Corr 2022"]
[Source "ChessBase"]
[SourceDate "2021.10.24"]
[SourceVersion "1"]
[SourceVersionDate "2021.10.24"]
[SourceQuality "1"]

1. c4 Nf6 2. Nc3 g6 3. g3 Bg7 4. Bg2 0-0 5. Nf3 d6 6. 0-0 e5 7. d3 Nc6 8. b3 Nd4 9. Bb2 Re8 10. Rc1 c6 11. Re1 Rb8 12. Qd2 Ne6 13. b4 b5 14. cxb5 cxb5 15. e4 a6 16. d4 exd4 17. Nd5 Bb7 18. Nxd4 Nxd5 19. exd5 Nxd4 20. Rxe8+ Qxe8 21. Re1 Qf8 1/2-1/2

[Event "SM-2018-0-00402"]
[Site "LSS email"]
[Date "2018.12.28"]
[Round "?"]
[White "Pascual Perez, Norge"]
[Black "Grego, Luis Jose Gonzaga"]
[Result "1/2-1/2"]
[WhiteElo "2429"]
[BlackElo "2251"]
[PlyCount "36"]
[EventDate "2018.08.04"]
[EventType "tourn (corr)"]
[EventRounds "6"]
[EventCountry "GER"]
[SourceTitle "Corr 2022"]
[Source "ChessBase"]
[SourceDate "2021.10.24"]
[SourceVersion "1"]
[SourceVersionDate "2021.10.24"]
[SourceQuality "1"]

1. e4 c5 2. Nf3 Nc6 3. Bb5 g6 4. 0-0 Bg7 5. Re1 e5 6. Bxc6 dxc6 7. d3 Qe7 8. Nbd2 Nf6 9. Nc4 Nh5 10. a3 0-0 11. h3 f6 12. Be3 Be6 13. a4 Rfd8 14. Qc1 Bf8 15. b3 b5 16. Ncd2 a5 17. Nf1 Qc7 18. N1h2 Kh8 1/2-1/2

[Event "SM-2018-0-00401"]
[Site "LSS email"]
[Date "2018.12.14"]
[Round "?"]
[White "Bernal Varela, Nelson"]
[Black "Grego, Luis Jose Gonzaga"]
[Result "1-0"]
[WhiteElo "2393"]
[BlackElo "2246"]
[PlyCount "43"]
[EventDate "2018.07.19"]
[EventType "tourn (corr)"]
[EventRounds "6"]
[EventCountry "GER"]
[SourceTitle "Corr 2022"]
[Source "ChessBase"]
[SourceDate "2021.10.24"]
[SourceVersion "1"]
[SourceVersionDate "2021.10.24"]
[SourceQuality "1"]

1. d4 Nf6 2. c4 g6 3. Nc3 Bg7 4. e4 d6 5. Bd3 0-0 6. Nge2 Nc6 7. Bg5 h6 8. Bd2 e5 9. d5 Nd4 10. 0-0 c5 11. a4 Nh5 12. Nb5 Qe7 13. b4 Nxe2+ 14. Bxe2 a6 15. Na3 cxb4 16. Bxh5 gxh5 17. Bxb4 h4 18. Nb1 h3 19. g3 b6 20. Qh5 Rb8 21. Nd2 a5 22. Ba3 1-0

[Event "SM-2018-0-00401"]
[Site "LSS email"]
[Date "2018.12.13"]
[Round "?"]
[White "Greet, Andrew"]
[Black "Grego, Luis Jose Gonzaga"]
[Result "1-0"]
[WhiteElo "2378"]
[BlackElo "2246"]
[PlyCount "50"]
[EventDate "2018.07.19"]
[EventType "tourn (corr)"]
[EventRounds "6"]
[EventCountry "GER"]
[SourceTitle "Corr 2022"]
[Source "ChessBase"]
[SourceDate "2021.10.24"]
[SourceVersion "1"]
[SourceVersionDate "2021.10.24"]
[SourceQuality "1"]

1. Nf3 Nf6 2. c4 g6 3. Nc3 Bg7 4. e4 d6 5. d4 0-0 6. Be2 e5 7. d5 a5 8. Bg5 h6 9. Bh4 g5 10. Bg3 Nh5 11. h4 g4 12. Nd2 Nxg3 13. fxg3 h5 14. c5 Bh6 15. Nc4 Nd7 16. cxd6 cxd6 17. 0-0 Nb6 18. Nd2 a4 19. Kh2 Kg7 20. Qe1 Bd7 21. Bd3 Rc8 22. Rc1 Na8 23. Rb1 Nb6 24. Qe2 f6 25. Rfc1 Rc5 1-0

[Event "RA-2018-0-00583"]
[Site "LSS email"]
[Date "2018.06.03"]
[Round "?"]
[White "Grego, Luis Jose Gonzaga"]
[Black "Misericordia, Antonio"]
[Result "1/2-1/2"]
[WhiteElo "2250"]
[BlackElo "2368"]
[PlyCount "35"]
[EventDate "2018.05.11"]
[EventType "tourn (corr)"]
[EventRounds "6"]
[EventCountry "GER"]
[SourceTitle "Corr 2022"]
[Source "ChessBase"]
[SourceDate "2021.10.24"]
[SourceVersion "1"]
[SourceVersionDate "2021.10.24"]
[SourceQuality "1"]

1. d4 Nf6 2. c4 e5 3. dxe5 Ng4 4. Bf4 Bb4+ 5. Nd2 Qe7 6. Ngf3 Nc6 7. e3 Ngxe5 8. Nxe5 Nxe5 9. Be2 d6 10. 0-0 a5 11. a3 Bc5 12. Ne4 0-0 13. Nxc5 dxc5 14. Bg3 Re8 15. Re1 a4 16. Qc2 Bd7 17. Rad1 Bc6 18. Qf5 1/2-1/2

[Event "ZH-2018-0-01678"]
[Site "LSS email"]
[Date "2018.06.03"]
[Round "?"]
[White "Misericordia, Antonio"]
[Black "Grego, Luis Jose Gonzaga"]
[Result "1-0"]
[WhiteElo "2365"]
[BlackElo "2242"]
[PlyCount "89"]
[EventDate "2018.05.05"]
[EventType "match (corr)"]
[EventRounds "2"]
[EventCountry "GER"]
[SourceTitle "Corr 2022"]
[Source "ChessBase"]
[SourceDate "2021.10.24"]
[SourceVersion "1"]
[SourceVersionDate "2021.10.24"]
[SourceQuality "1"]

1. g3 g6 2. c4 Bg7 3. d4 Nf6 4. Bg2 0-0 5. Nc3 d6 6. Nf3 Nc6 7. 0-0 e5 8. d5 Ne7 9. e4 Nd7 10. Be3 f5 11. Ng5 Nf6 12. f3 Nh5 13. Bh3 Bf6 14. Ne6 Bxe6 15. dxe6 f4 16. Bf2 Nc6 17. Kg2 Nd4 18. Bxd4 exd4 19. Nd5 fxg3 20. hxg3 Ng7 21. Nf4 Bg5 22. Nd3 Be3 23. f4 Qe7 24. f5 Rae8 25. Rf3 c5 26. Qc2 gxf5 27. exf5 Nh5 28. Nf2 Bxf2 29. Qxf2 Qg5 30. a4 Nf6 31. Re1 b6 32. Re2 Re7 33. Qe1 a5 34. Kh2 h5 35. Rf1 d5 36. cxd5 Nxd5 37. b3 Ne3 38. Rf4 Nd5 39. Rf3 Nf6 40. Kg1 Ng4 41. Qb1 Nf6 42. Rg2 Rg7 43. Qe1 Nd5 44. Qe5 Kh8 45. Qxd5 1-0

[Event "RM-2018-0-00180"]
[Site "LSS email"]
[Date "2018.04.09"]
[Round "?"]
[White "Grego, Luis Jose Gonzaga"]
[Black "Wosch, Arkadiusz Janusz"]
[Result "1/2-1/2"]
[WhiteElo "2229"]
[BlackElo "2357"]
[PlyCount "33"]
[EventDate "2017.11.15"]
[EventType "tourn (corr)"]
[EventRounds "6"]
[EventCountry "GER"]
[SourceTitle "Corr 2022"]
[Source "ChessBase"]
[SourceDate "2021.10.24"]
[SourceVersion "1"]
[SourceVersionDate "2021.10.24"]
[SourceQuality "1"]

1. d4 Nf6 2. c4 e6 3. Nf3 d5 4. Nc3 c6 5. e3 Nbd7 6. Qc2 Bd6 7. Bd3 0-0 8. 0-0 dxc4 9. Bxc4 b5 10. Bd3 Bb7 11. a3 a5 12. e4 e5 13. dxe5 Nxe5 14. Nxe5 Bxe5 15. h3 Ba6 16. Be3 b4 17. Bxa6 1/2-1/2

[Event "WC-2018-P-00011"]
[Site "LSS email"]
[Date "2018.01.22"]
[Round "?"]
[White "Grego, Luis Jose Gonzaga"]
[Black "Dard, Michel"]
[Result "1/2-1/2"]
[WhiteElo "2266"]
[BlackElo "2307"]
[PlyCount "29"]
[EventDate "2018.02.01"]
[EventType "tourn (corr)"]
[EventRounds "12"]
[EventCountry "GER"]
[SourceTitle "Corr 2022"]
[Source "ChessBase"]
[SourceDate "2021.10.24"]
[SourceVersion "1"]
[SourceVersionDate "2021.10.24"]
[SourceQuality "1"]

1. d4 Nf6 2. c4 e6 3. Nc3 Bb4 4. Bg5 c5 5. d5 h6 6. Bh4 d6 7. f3 g5 8. Bg3 Nh5 9. e4 Nxg3 10. hxg3 exd5 11. cxd5 Qf6 12. Qd2 a6 13. Be2 Nd7 14. f4 Rg8 15. Nf3 1/2-1/2

[Event "WC-2018-P-00011"]
[Site "LSS email"]
[Date "2018.01.22"]
[Round "?"]
[White "Herzog, Agnes"]
[Black "Grego, Luis Jose Gonzaga"]
[Result "0-1"]
[WhiteElo "1905"]
[BlackElo "2266"]
[PlyCount "72"]
[EventDate "2018.02.01"]
[EventType "tourn (corr)"]
[EventRounds "12"]
[EventCountry "GER"]
[SourceTitle "Corr 2022"]
[Source "ChessBase"]
[SourceDate "2021.10.24"]
[SourceVersion "1"]
[SourceVersionDate "2021.10.24"]
[SourceQuality "1"]

1. e4 e5 2. Nf3 Nc6 3. Nc3 Nf6 4. d4 exd4 5. Nd5 Nxe4 6. Bd3 Nc5 7. 0-0 Ne6 8. Re1 d6 9. Bb5 Bd7 10. Bg5 Ne7 11. Bxe7 Bxe7 12. Nxd4 0-0 13. Bxd7 Qxd7 14. Qg4 Bd8 15. Rad1 c6 16. Nf4 Nc5 17. Qxd7 Nxd7 18. Nf5 Nf6 19. Nxd6 Ba5 20. Re3 Bb6 21. Red3 Ng4 22. Nh3 Rfd8 23. Nxb7 Rxd3 24. Rxd3 Rb8 25. Nd6 Ne5 26. Rd1 Rd8 27. Rd2 f5 28. Kh1 Bc7 29. f4 Rxd6 30. Rxd6 Bxd6 31. fxe5 Bxe5 32. b3 Kf7 33. g3 Ke6 34. c4 Bf6 35. Kg2 Ke5 36. Kf3 Kd4 0-1

[Event "WC-2018-P-00011"]
[Site "LSS email"]
[Date "2018.01.22"]
[Round "?"]
[White "Oliveira, Diogo"]
[Black "Grego, Luis Jose Gonzaga"]
[Result "1/2-1/2"]
[WhiteElo "2241"]
[BlackElo "2266"]
[PlyCount "68"]
[EventDate "2018.02.01"]
[EventType "tourn (corr)"]
[EventRounds "12"]
[EventCountry "GER"]
[SourceTitle "Corr 2022"]
[Source "ChessBase"]
[SourceDate "2021.10.24"]
[SourceVersion "1"]
[SourceVersionDate "2021.10.24"]
[SourceQuality "1"]

1. d4 Nf6 2. c4 g6 3. Nf3 Bg7 4. Nc3 0-0 5. e4 d6 6. Be2 e5 7. 0-0 Nc6 8. d5 Ne7 9. Ne1 Nd7 10. Be3 f5 11. f3 f4 12. Bf2 g5 13. a4 a5 14. Nd3 b6 15. Nb5 Nf6 16. Be1 Ng6 17. Nf2 h5 18. h3 Nh4 19. Ra3 Rf7 20. b4 axb4 21. Bxb4 g4 22. hxg4 hxg4 23. fxg4 Nh7 24. Be1 Bf6 25. Nh3 Rg7 26. Kh2 Qe8 27. Rh1 Qg6 28. Nf2 Ng5 29. Kg1 Rh7 30. Qb1 Bd7 31. Nxc7 Rf8 32. c5 bxc5 33. Qd1 c4 34. Ne6 Bxe6 1/2-1/2

[Event "WC-2018-P-00011"]
[Site "LSS email"]
[Date "2018.01.22"]
[Round "?"]
[White "Wisham, Clyde"]
[Black "Grego, Luis Jose Gonzaga"]
[Result "1/2-1/2"]
[WhiteElo "2148"]
[BlackElo "2266"]
[PlyCount "40"]
[EventDate "2018.02.01"]
[EventType "tourn (corr)"]
[EventRounds "12"]
[EventCountry "GER"]
[SourceTitle "Corr 2022"]
[Source "ChessBase"]
[SourceDate "2021.10.24"]
[SourceVersion "1"]
[SourceVersionDate "2021.10.24"]
[SourceQuality "1"]

1. d4 Nf6 2. c4 g6 3. g3 Bg7 4. Bg2 0-0 5. Nc3 d6 6. Nf3 Nc6 7. 0-0 e5 8. d5 Ne7 9. e4 Nd7 10. Ne1 f5 11. Nd3 Nf6 12. f3 h6 13. Bd2 g5 14. a4 f4 15. a5 c6 16. Qb3 Rf7 17. c5 cxd5 18. cxd6 Nc6 19. Nb5 a6 20. exd5 axb5 1/2-1/2

[Event "RM-2017-0-00180"]
[Site "LSS email"]
[Date "2017.11.16"]
[Round "?"]
[White "Grego, Luis Jose Gonzaga"]
[Black "Willmann, Bernd"]
[Result "1-0"]
[WhiteElo "2229"]
[BlackElo "2275"]
[PlyCount "101"]
[EventDate "2017.11.15"]
[EventType "tourn (corr)"]
[EventRounds "6"]
[EventCountry "GER"]
[SourceTitle "Corr 2022"]
[Source "ChessBase"]
[SourceDate "2021.10.24"]
[SourceVersion "1"]
[SourceVersionDate "2021.10.24"]
[SourceQuality "1"]

1. e4 c5 2. Nc3 Nc6 3. Nf3 d6 4. d4 cxd4 5. Nxd4 Nf6 6. Bg5 e6 7. Qd2 a6 8. 0-0-0 h6 9. Nxc6 bxc6 10. Bf4 d5 11. Qe3 Bb4 12. Be2 0-0 13. e5 Nd7 14. Qg3 Kh8 15. Qh3 Kh7 16. Bd3+ Kg8 17. Ne2 Qc7 18. Bxh6 gxh6 19. Qxh6 f5 20. g4 Nxe5 21. gxf5 Qh7 22. Rhg1+ Kh8 23. Qe3 Bd6 24. fxe6 Qh4 25. Bg6 Bxe6 26. Rd4 Qxh2 27. Rdd1 Rxf2 28. Rh1 Raf8 29. Bd3 R8f6 30. Rxh2+ Rxh2 31. Kb1 Nxd3 32. Qxd3 Bf5 33. Qc3 Kg7 34. Nd4 Be4 35. Qxc6 Rg2 36. Qd7+ Kh8 37. Ne6 Bf8 38. Ka1 Rxc2 39. Nxf8 Rxf8 40. Qh3+ Kg7 41. Rg1+ Bg6 42. Qd7+ Rf7 43. Qxd5 Rcf2 44. Qd4+ R7f6 45. b3 Kh7 46. Rc1 Rf1 47. Rxf1 Rxf1+ 48. Kb2 Rf7 49. b4 Bf5 50. b5 axb5 51. Qd5 1-0

[Event "RA-2017-0-00547"]
[Site "LSS email"]
[Date "2017.11.01"]
[Round "?"]
[White "Grego, Luis Jose Gonzaga"]
[Black "Muniz Pardino, Alberto"]
[Result "1/2-1/2"]
[WhiteElo "2218"]
[BlackElo "2258"]
[PlyCount "55"]
[EventDate "2017.10.17"]
[EventType "tourn (corr)"]
[EventRounds "6"]
[EventCountry "GER"]
[SourceTitle "Corr 2022"]
[Source "ChessBase"]
[SourceDate "2021.10.24"]
[SourceVersion "1"]
[SourceVersionDate "2021.10.24"]
[SourceQuality "1"]

1. e4 c5 2. Nc3 Nc6 3. Nge2 g6 4. d4 cxd4 5. Nxd4 Bg7 6. Be3 Nf6 7. Bc4 0-0 8. Bb3 d6 9. f3 Bd7 10. Qd2 Rc8 11. h4 h5 12. 0-0-0 Ne5 13. Kb1 Nc4 14. Bxc4 Rxc4 15. g4 hxg4 16. h5 Nxh5 17. Rdg1 Nf6 18. Bh6 Rxd4 19. Qe3 Nxe4 20. Bxg7 Nxc3+ 21. Qxc3 e5 22. Bxf8 Qxf8 23. fxg4 Qd8 24. g5 Qb6 25. Rd1 Rxd1+ 26. Rxd1 Kf8 27. b3 Ke7 28. a4 1/2-1/2

[Event "RA-2017-0-00545"]
[Site "LSS email"]
[Date "2017.10.20"]
[Round "?"]
[White "Chumanov, Valeriy"]
[Black "Grego, Luis Jose Gonzaga"]
[Result "1/2-1/2"]
[WhiteElo "2359"]
[BlackElo "2202"]
[PlyCount "79"]
[EventDate "2017.10.04"]
[EventType "tourn (corr)"]
[EventRounds "6"]
[EventCountry "GER"]
[SourceTitle "Corr 2022"]
[Source "ChessBase"]
[SourceDate "2021.10.24"]
[SourceVersion "1"]
[SourceVersionDate "2021.10.24"]
[SourceQuality "1"]

1. e4 c5 2. Nf3 d6 3. d4 cxd4 4. Nxd4 Nf6 5. Nc3 a6 6. Be2 e5 7. Nb3 Be7 8. Qd3 0-0 9. Be3 Be6 10. 0-0 Nbd7 11. a4 Rc8 12. a5 Qc7 13. Rfd1 Rfe8 14. h3 Red8 15. Bf3 h6 16. Nd2 Nc5 17. Qe2 d5 18. exd5 Bxd5 19. Nxd5 Nxd5 20. Nc4 e4 21. Bg4 Rb8 22. Bd4 Nf4 23. Qf1 Ncd3 24. Be3 Qxc4 25. Bxf4 Qxc2 26. Bxb8 Rxb8 27. Qe2 Qc5 28. Qe3 Qb4 29. Qa7 Re8 30. Qb6 Qxb6 31. axb6 Bc5 32. Be2 Nxf2 33. Rd7 Nd3+ 34. Kh2 Bxb6 35. Bxd3 exd3 36. Rd1 Bc5 37. R1xd3 b6 38. Rd8 Kf8 39. Rxe8+ Kxe8 40. Kg3 1/2-1/2

[Event "RA-2017-0-00545"]
[Site "LSS email"]
[Date "2017.10.20"]
[Round "?"]
[White "Grego, Luis Jose Gonzaga"]
[Black "Kolanek, Roman"]
[Result "1-0"]
[WhiteElo "2202"]
[BlackElo "2142"]
[PlyCount "107"]
[EventDate "2017.10.04"]
[EventType "tourn (corr)"]
[EventRounds "6"]
[EventCountry "GER"]
[SourceTitle "Corr 2022"]
[Source "ChessBase"]
[SourceDate "2021.10.24"]
[SourceVersion "1"]
[SourceVersionDate "2021.10.24"]
[SourceQuality "1"]

1. e4 e5 2. Nf3 Nc6 3. Bb5 a6 4. Ba4 Nf6 5. 0-0 Be7 6. Re1 b5 7. Bb3 d6 8. c3 0-0 9. h3 Re8 10. d4 Bb7 11. Nbd2 Bf8 12. a4 h6 13. Bc2 exd4 14. cxd4 Nb4 15. Bb1 c5 16. d5 g6 17. Nf1 Bg7 18. Ra3 Nd7 19. a5 h5 20. Ng3 Rc8 21. Bg5 Bf6 22. Qd2 Qe7 23. Nxh5 gxh5 24. Nh4 Bxg5 25. Rg3 Kf8 26. Rxg5 Qf6 27. Rxh5 Re5 28. Rh6 Qg5 29. Rh8+ Kg7 30. f4 Rxh8 31. fxg5 Rxh4 32. Rf1 Rhxe4 33. Bxe4 Rxe4 34. Qd1 Bxd5 35. Qh5 Nf8 36. Qh6+ Kg8 37. Qxd6 Bc4 38. Rf3 Re6 39. Qxc5 Nc6 40. b3 Nd7 41. Qf2 Bd5 42. Rd3 Ne7 43. Qa7 Nf8 44. h4 Be4 45. Rd2 Bg6 46. Qc5 Nc6 47. Rd6 Rxd6 48. Qxd6 Nxa5 49. Qc7 Nxb3 50. Qc3 Bc2 51. Qxc2 Nd4 52. Qc8 a5 53. Qd8 Nf5 54. h5 1-0

[Event "RA-2017-0-00545"]
[Site "LSS email"]
[Date "2017.10.20"]
[Round "?"]
[White "Susla, Vitaliy"]
[Black "Grego, Luis Jose Gonzaga"]
[Result "1/2-1/2"]
[WhiteElo "2366"]
[BlackElo "2202"]
[PlyCount "52"]
[EventDate "2017.10.04"]
[EventType "tourn (corr)"]
[EventRounds "6"]
[EventCountry "GER"]
[SourceTitle "Corr 2022"]
[Source "ChessBase"]
[SourceDate "2021.10.24"]
[SourceVersion "1"]
[SourceVersionDate "2021.10.24"]
[SourceQuality "1"]

1. e4 c5 2. Nf3 d6 3. d4 cxd4 4. Nxd4 Nf6 5. Nc3 a6 6. Be2 e5 7. Nb3 Be7 8. 0-0 0-0 9. Be3 Be6 10. Qd3 Nc6 11. a3 Rc8 12. Nd5 Bxd5 13. exd5 e4 14. Qd2 Ne5 15. c3 Qd7 16. Qd4 Qf5 17. Rad1 Rfe8 18. Nd2 b5 19. a4 bxa4 20. Qxa4 Rb8 21. Bd4 Nxd5 22. Bxe5 Qxe5 23. Nxe4 Nc7 24. Qc2 d5 25. Ng3 Bf6 26. Rd2 Bg5 1/2-1/2